Ajax 2018-2019 lineup - Statistics

General Stats
  • This quiz has been taken 464 times
  • The average score is 16 of 33
Answer Stats
Nationality Number Position Answer % Correct
Cameroon 24 GK André Onana
99%
Netherlands 4 DF Matthijs de Ligt
96%
Netherlands 21 MF Frenkie de Jong
94%
Serbia 10 MF/FWD Dusan Tadic
92%
Morocco 22 MF Hakim Ziyech
91%
Brazil 7 FWD David Neres
88%
Netherlands 17 DF/MF Daley Blind
82%
Netherlands 6 MF Donny van de Beek
81%
Denmark 20 MF Lasse Schöne
77%
Argentina 31 DF Nicolás Tagliafico
75%
Morocco 12 DF/MF Noussair Mazraoui
73%
Denmark 25 FWD Kasper Dolberg
71%
Netherlands 9 FWD Klaas-Jan Huntelaar
62%
Netherlands 3 DF Joël Veltman
59%
Austria 5 DF Max Wöber
51%
Denmark 2 DF Rasmus Kristensen
47%
Greece 26 GK Kostas Lamprou
45%
Morocco 19 MF/FWD Zakaria Labyad
45%
Netherlands 8 DF Daley Sinkgraven
33%
Czech Rep. 32 FWD Václav Cerný
33%
Netherlands 15 MF Carel Eiting
31%
Netherlands 40 MF Jurgen Ekkelenkamp
30%
Netherlands 27 DF Perr Schuurs
29%
Netherlands 38 MF Ryan Gravenberch
26%
Netherlands 30 MF Dani de Wit
24%
Croatia 33 GK Dominik Kotarski
24%
Burkina Faso 18 FWD Hassane Bandé
24%
Netherlands 37 MF Noa Lang
16%
Norway 41 FWD Dennis Johnsen
14%
Colombia 28 DF Luis Orejuela
12%
Netherlands 35 DF Mitchel Bakker
10%
Netherlands 39 FWD Kaj Sierhuis
7%
Netherlands 36 MF Azor Matusiwa
1%
No matching quizzes found
Score Distribution
Percent of People with Each Score
Percentile by Number Answered
Your Score History
You have not taken this quiz